Statistics for Top 20 Words Starting with TR

Click here to take the quiz!

General Stats

  • This quiz has been taken 1,342 times
  • The average score is 10 of 20

Answer Stats

freqword% Correct
399training
84%
782try
79%
146track
77%
110trip
77%
211tree
74%
364true
66%
153treat
65%
228trust
64%
429trade
61%
170truth
51%
73trend
37%
201travel
36%
151trial
35%
134traffic
34%
204trouble
31%
118tradition
26%
182transport
20%
185transfer
18%
253treatment
16%
107treaty
14%

Score Distribution

Percentile by Number Answered

Percent of People with Each Score

Your Score History

You have not taken this quiz